000 00754nam a2200253Ia 4500
003 OSt
005 20220924122459.0
006 a|||||r|||| 00| 0
007 ta
008 220923b |||||||| |||| 00| 0 fre d
024 _a35541
037 _cTextual
040 _aARTS
_cARTS
_bfre
041 _2fre
_afre
082 _aO122,1N01x, 111L5-;1
100 _aRabearivelo Jean-Joseph
_9189627
245 0 _aTranslations from the Night, ed with tr by John Reed and Clive Wake
260 _aLondon
_bHeinemann
_c1975
300 _a72p.
_ccm.
490 _aAfrican writers series; 167
650 _aENGLISH LITERATURE
942 _hO122,1N01x, 111L5-;1
_cTEXL
_2CC
999 _c411789
_d411789